000 00629nam a2200193 4500
005 20241022151620.0
010 _aENG-142265
020 _c495.00
_a9789389990188
035 _aEN-125797
037 _bDBAD
082 _a158.1
100 _aPeale, Norman Vincent
_973163
245 _aThe Power of Positive Thinking/
_cNorman Vincent Peale
250 _aFirst
260 _aNew Delhi
_bThe Reader Paradise
_c2021
270 _a103, 4787/23, Ansari Road, Darya Ganj
_bNew Delhi
_e110002
_k09654444181
_mthereadersparadisesales@gmail.com
300 _a287p.
_c23cm(hb)
942 _2ddc
_cEN
_h158.1
_mPEA
_eFirst
999 _c206578
_d206578